| 000 | 005990000a22001810004500 | ||
|---|---|---|---|
| 090 |
_aAR _b00118 |
||
| 245 | 1 | 0 | _aSystematic status and distribution of some poorly known frogs of the genus Eleutherodactylus from the chocoan lowlands of South America |
| 650 | 1 | 4 |
_aAnfibios _992768 |
| 650 | 1 | 4 |
_aFauna _992594 |
| 650 | 1 | 4 |
_aDistribución _992865 |
| 650 | 1 | 4 |
_aSistemática _93510 |
| 651 | 4 |
_dChocó _pColombia _992749 |
|
| 653 |
_fLeptodactylidae _gEleutherodactylus |
||
| 041 | 0 | _aInglés | |
| 100 | 1 |
_aLynch, John D. _992907 |
|
| 942 | _cARTICULO | ||
| 773 | 1 |
_tHerpetológica _352 _h2 _q175-189 _d1980 _g36 |
|
| 999 |
_c9219 _d9219 |
||